2026 World Cup - Egypt Squad - Statistics

General Stats
  • This quiz has been taken 8 times
  • The average score is 6 of 27
Answer Stats
Hint Club Pos Answer % Correct
Liverpool Liverpool_FC.svg FW Mohamed Salah
100%
Manchester City Manchester_City_FC_badge.svg FW Omar Marmoush
86%
Al Ahly SC Al_Ahly_SC_logo.svg MF Mahmoud Trezeguet
71%
Real Oviedo Real_Oviedo_logo.svg MF Haissem Hassan
43%
Al Ahly SC Al_Ahly_SC_logo.svg MF Ahmed Zizo
14%
Enppi SC ENPPI_SC_Logo.svg FW Aqtay Abdallah
14%
Zamalek SC Zamalek_SC_logo.svg GK El Mahdi Soliman
14%
Al Ahly SC Al_Ahly_SC_logo.svg MF Emam Ashour
14%
Al Wakrah Al-Wakrah_SC_logo.svg DF Hamdy Fathy
14%
Zamalek SC Zamalek_SC_logo.svg DF Hossam Abdelmaguid
14%
FC Nordsjælland FC_Nordsj%C3%A6lland_logo.svg MF Ibrahim Adel
14%
Pyramids Pyramids_FC_%282020%29.png DF Karim Hafez
14%
Zed ZED_FC_logo.png MF Mahmoud Saber
14%
El Gouna El_Gouna_FC_Logo_2017.png GK Mohamed Alaa
14%
Al Ahly SC Al_Ahly_SC_logo.svg GK Mohamed El Shenawy
14%
Al Ahly SC Al_Ahly_SC_logo.svg DF Mohamed Hany
14%
Pyramids Pyramids_FC_%282020%29.png MF Mohanad Lasheen
14%
Al Ahly SC Al_Ahly_SC_logo.svg GK Mostafa Shobeir
14%
Pyramids Pyramids_FC_%282020%29.png MF Mostafa Ziko
14%
Al Najma Al-Najmah_SC_Logo.svg MF Nabil Emad
14%
Al Ain Al_Ain_FC_logo_2024.png DF Rami Rabia
14%
Zed ZED_FC_logo.png DF Tarek Alaa
14%
Al Ahly SC Al_Ahly_SC_logo.svg DF Yasser Ibrahim
14%
Zamalek SC Zamalek_SC_logo.svg DF Ahmed Fatouh
0%
Barcelona FC_Barcelona_%28crest%29.svg FW Hamza Abdelkarim
0%
Al Ahly SC Al_Ahly_SC_logo.svg MF Marwan Ateya
0%
OGC NIce OGC_Nice_logo.svg DF Mohamed Abdelmonemn
0%
No matching quizzes found
Score Distribution
Percent of People with Each Score
Percentile by Number Answered
Your Score History
You have not taken this quiz